MARC

LEADER 00000nas a22000001 4500
001 ssj0000465069
003 WaSeSS
005 20200512172242.0
006 m d
007 cr n
008 760712c19589999maumr p s 0 a0eng
010 |a  67033135  
016 7 |a 012413876  |2 Uk 
022 |l 0027-4615  |y 0027-4615 
032 |a 955080  |b USPS 
035 |a (WaSeSS)ssj0000465069 
040 |a DLC  |b eng  |c QPR  |d MUL  |d DLC  |d NSD  |d OCLCQ  |d UKMGB  |d CUS  |d OCLCF  |d OCLCO  |d OCLCQ  |d WaSeSS 
042 |a pcc  |a nsdp 
043 |a n-us--- 
050 0 0 |a ML1  |b .M6373 
210 0 |a Music. merch. rev. 
222 0 |a Musical merchandise review 
245 0 0 |a Musical merchandise review  |h [electronic resource]. 
246 1 3 |a MMR  |f <Oct. 1983-> 
260 |a [Chestnut Hill, Mass., etc.],  |b [Larkin-Pluznick-Larkin, etc.] 
310 |a Monthly,  |b <Oct. 1983-> 
321 |a Fourteen nos. a year,  |b <Sept. 1981-> 
321 |a Monthly 
362 0 |a v. 117- Jan. 1958- 
506 |a License restrictions may limit access. 
580 |a Formed by the union of: Musical merchandise magazine, and: Piano & organ review, and continued the vol. numbering of the latter. 
650 0 |a Music trade  |z United States  |v Periodicals. 
650 7 |a Music trade.  |2 fast  |0 (OCoLC)fst01030641 
651 7 |a United States.  |2 fast  |0 (OCoLC)fst01204155 
655 0 |a Electronic journals. 
780 1 4 |t Musical merchandise magazine  |w (OCoLC)1758902 
780 1 4 |t Piano & organ review 
856 4 0 |z Full text available from Research Library: 09/01/2009 to 04/30/2013  |u https://search.proquest.com/publication/53001 
856 4 0 |z Full text available from Research Library: 05/01/2013 to present  |u https://search.proquest.com/publication/2032739